[Event "Scarborough Open 47th"]
[Site "Scarborough"]
[Date "2024.10.27"]
[Round "5.15"]
[White "Fellowes, Billy"]
[Black "Wareing, John P"]
[Result "1-0"]
[WhiteElo "2085"]
[BlackElo "1906"]
[PlyCount "41"]
[EventDate "2024.10.25"]
[EventType "swiss"]
[EventRounds "5"]
[EventCountry "ENG"]
[SourceTitle "BritBase"]
[Source "John Saunders"]
[SourceDate "2024.12.27"]
[SourceVersion "1"]
[SourceVersionDate "2024.12.27"]
[SourceQuality "1"]

1. Nf3 c5 2. e4 e6 3. Qe2 Qc7 4. g3 Nc6 5. c3 Nf6 6. Bg2 b6 7. O-O Bb7 8. Re1 h5 9. h4 Ng4 10. Na3 Be7 11. d4 O-O 12. d5 Nce5 13. Nxe5 Nxe5 14. Bf4 g6 15. Rad1 f6 16. d6 Bxd6 17. Nb5 Qb8 18. Nxd6 Bc6 19. Qd2 b5 20. Bxe5 fxe5 21. Qg5 1-0

[Event "Scarborough Open 47th"]
[Site "Scarborough"]
[Date "2024.10.27"]
[Round "5.16"]
[White "Cheng, Louis"]
[Black "Tarr, Steve"]
[Result "1-0"]
[WhiteElo "2047"]
[BlackElo "1788"]
[PlyCount "91"]
[EventDate "2024.10.25"]
[EventType "swiss"]
[EventRounds "5"]
[EventCountry "ENG"]
[SourceTitle "BritBase"]
[Source "John Saunders"]
[SourceDate "2024.12.27"]
[SourceVersion "1"]
[SourceVersionDate "2024.12.27"]
[SourceQuality "1"]

1. e4 c5 2. Nc3 g6 3. d4 cxd4 4. Qxd4 Nf6 5. Be3 Nc6 6. Qd2 Bg7 7. f3 O-O 8. O-O-O Qa5 9. Kb1 d6 10. Nge2 b5 11. Bh6 Ne5 12. Nd5 Qxd2 13. Nxe7+ Kh8 14. Bxg7+ Kxg7 15. Rxd2 Nc4 16. Rd3 Re8 17. Nxc8 Rexc8 18. g3 Nd7 19. Bh3 Rc7 20. Bxd7 Rxd7 21. f4 Rc8 22. Rhd1 Re7 23. Rd4 f5 24. Nc3 Na3+ 25. bxa3 Rxc3 26. Kb2 Rec7 27. R1d2 fxe4 28. Rxe4 Kf7 29. Ree2 R7c6 30. Rd5 a6 31. Red2 Ke6 32. Rxd6+ Kf5 33. Rxc6 Rxc6 34. h3 h5 35. Re2 Rc5 36. Kb3 a5 37. Re5+ Rxe5 38. fxe5 Kxe5 39. a4 b4 40. a3 bxa3 41. Kxa3 g5 42. Kb3 Kd4 43. c4 h4 44. g4 Ke4 45. Kc3 Ke5 46. Kd3 1-0

[Event "Scarborough Open 47th"]
[Site "Scarborough"]
[Date "2024.10.27"]
[Round "5.17"]
[White "Hepworth, Peter"]
[Black "Li, Joy Ching"]
[Result "1-0"]
[WhiteElo "1933"]
[BlackElo "1786"]
[PlyCount "83"]
[EventDate "2024.10.25"]
[EventType "swiss"]
[EventRounds "5"]
[EventCountry "ENG"]
[SourceTitle "BritBase"]
[Source "John Saunders"]
[SourceDate "2024.12.27"]
[SourceVersion "1"]
[SourceVersionDate "2024.12.27"]
[SourceQuality "1"]

1. d4 Nf6 2. Nf3 g6 3. c4 Bg7 4. Nc3 d5 5. cxd5 Nxd5 6. e4 Nxc3 7. bxc3 c5 8. Be3 Qa5 9. Rb1 Nc6 10. Qd2 O-O 11. Rb5 Qc7 12. Rxc5 b6 13. Rb5 Ba6 14. Rb1 Bxf1 15. Kxf1 Na5 16. Rc1 Rac8 17. Qe2 Nc4 18. Nd2 b5 19. Nxc4 Qxc4 20. Qxc4 Rxc4 21. Ke2 Rfc8 22. e5 Rxc3 23. Rxc3 Rxc3 24. Rb1 a6 25. a4 f6 26. e6 f5 27. axb5 axb5 28. Rxb5 Rc8 29. Rb7 Bf6 30. Bh6 Bxd4 31. Rxe7 Bc5 32. Rg7+ Kh8 33. Rd7 Re8 34. Kd3 Bxf2 35. Kc4 Bh4 36. Kd5 Be1 37. e7 Kg8 38. Ke6 Ba5 39. Bf4 Kg7 40. Be5+ Kg8 41. Bc7 Bb4 42. Rd8 1-0

[Event "Scarborough Open 47th"]
[Site "Scarborough"]
[Date "2024.10.27"]
[Round "5.18"]
[White "Pal, Rohan"]
[Black "Ponting, Andrew"]
[Result "0-1"]
[WhiteElo "2164"]
[BlackElo "1923"]
[PlyCount "62"]
[EventDate "2024.10.25"]
[EventType "swiss"]
[EventRounds "5"]
[EventCountry "ENG"]
[SourceTitle "BritBase"]
[Source "John Saunders"]
[SourceDate "2024.12.27"]
[SourceVersion "1"]
[SourceVersionDate "2024.12.27"]
[SourceQuality "1"]

1. c4 e6 2. g3 d5 3. Bg2 Nf6 4. Nf3 Nbd7 5. b3 Be7 6. O-O O-O 7. Bb2 c6 8. d3 b6 9. Nbd2 Bb7 10. e4 Qc7 11. e5 Ng4 12. Qe2 c5 13. h3 Nh6 14. g4 Rfe8 15. Rfe1 Nf8 16. Nf1 Kh8 17. Bc1 Ng8 18. Bf4 Rad8 19. Bg3 Ng6 20. h4 dxc4 21. dxc4 Bxf3 22. Bxf3 Bxh4 23. Bxh4 Nxh4 24. Bh1 Rd4 25. Rad1 Red8 26. Rxd4 Rxd4 27. Nd2 Ne7 28. f3 Nc6 29. Qh2 Ng6 30. Bg2 Rxd2 31. f4 Nd4 0-1

[Event "Scarborough Open 47th"]
[Site "Scarborough"]
[Date "2024.10.27"]
[Round "5.19"]
[White "Kilshaw, Joe"]
[Black "Armstrong, Malcolm J"]
[Result "0-1"]
[WhiteElo "1929"]
[BlackElo "2025"]
[PlyCount "186"]
[EventDate "2024.10.25"]
[EventType "swiss"]
[EventRounds "5"]
[EventCountry "ENG"]
[SourceTitle "BritBase"]
[Source "John Saunders"]
[SourceDate "2024.12.27"]
[SourceVersion "1"]
[SourceVersionDate "2024.12.27"]
[SourceQuality "1"]

1. d4 Nf6 2. Nc3 d5 3. Bf4 a6 4. e3 e6 5. a3 c5 6. Nf3 Bd6 7. Bxd6 Qxd6 8. Ne5 O-O 9. f4 Ne4 10. Nxe4 dxe4 11. Nc4 Qc7 12. a4 b6 13. Be2 Bb7 14. O-O Nd7 15. c3 Rac8 16. dxc5 Nxc5 17. Qd6 a5 18. Qxc7 {[=]} Rxc7 19. Na3 Rd8 20. Bb5 Bd5 21. Rad1 Rcc8 22. b4 Nd3 23. Bxd3 Rxc3 24. Bxe4 Rxa3 25. bxa5 bxa5 26. Bxd5 Rxd5 27. Rxd5 exd5 28. Rd1 {[=]} Rxa4 29. Rxd5 Kf8 30. Rd7 Ra2 31. Ra7 g6 32. e4 Ra4 33. Kf2 Rxe4 34. Rxa5 Rxf4+ 35. Kg3 Rb4 36. h4 h6 37. Kh3 Kg7 38. g4 Rb3+ 39. Kg2 Re3 40. Rb5 Kf6 41. g5+ hxg5 42. hxg5+ Ke6 43. Rb6+ Ke7 44. Rb7+ Kf8 45. Rb5 Rd3 46. Re5 Rd6 47. Kg3 Re6 48. Ra5 {[=]} Kg7 49. Kg4 Re1 50. Rb5 Rd1 51. Ra5 Kf8 52. Ra7 Ke8 53. Rb7 Rd4+ 54. Kg3 Rd7 55. Rb5 Ke7 56. Re5+ Kd6 57. Ra5 Rc7 58. Ra6+ Rc6 59. Ra7 Ke6 60. Ra5 Rd6 61. Kg4 Rd4+ 62. Kg3 Rd5 63. Ra6+ Kf5 64. Rf6+ Kxg5 65. Rxf7 Rd3+ 66. Kf2 Kg4 67. Ra7 g5 68. Ra4+ Kh3 69. Ra8 Rd2+ 70. Kf1 g4 71. Rh8+ Kg3 72. Ra8 Rd1+ 73. Ke2 Rh1 74. Rg8 Ra1 75. Rg7 Kh3 76. Kf2 Ra2+ 77. Kf1 Kg3 78. Rg8 Rf2+ 79. Kg1 Rb2 80. Kf1 Rb1+ 81. Ke2 Kh3 82. Kf2 Rb2+ 83. Kg1 Kg3 84. Kf1 Rb1+ 85. Ke2 Rb7 86. Rh8 Kg2 87. Ke3 Rf7 88. Rh6 g3 89. Rg6 Kh2 90. Rh6+ Kg1 91. Ra6 g2 92. Ra8 Rh7 93. Kf3 Kh1 0-1

[Event "Scarborough Open 47th"]
[Site "Scarborough"]
[Date "2024.10.27"]
[Round "5.20"]
[White "Booth, Steven B"]
[Black "Sasikumar, Srivathsan"]
[Result "1/2-1/2"]
[WhiteElo "1938"]
[BlackElo "1924"]
[PlyCount "110"]
[EventDate "2024.10.25"]
[EventType "swiss"]
[EventRounds "5"]
[EventCountry "ENG"]
[SourceTitle "BritBase"]
[Source "John Saunders"]
[SourceDate "2024.12.27"]
[SourceVersion "1"]
[SourceVersionDate "2024.12.27"]
[SourceQuality "1"]

1. d4 Nf6 2. c4 e6 3. Nf3 d5 4. Nc3 c6 5. Bg5 Be7 6. e3 Nbd7 7. Qc2 O-O 8. Rd1 Re8 9. a3 dxc4 10. Bxc4 b5 11. Bd3 Bb7 12. b4 a5 13. Qb3 Qb8 14. Bf4 Bd6 15. Bxd6 Qxd6 16. O-O axb4 17. axb4 Ra7 18. e4 Qe7 19. e5 Nd5 20. Nxd5 exd5 21. Ra1 Rea8 22. Rxa7 Rxa7 23. Bc2 Nf8 24. Ne1 Bc8 25. Nd3 Bf5 26. Nc5 Bxc2 27. Qxc2 Ne6 28. Nxe6 Qxe6 29. f4 h6 30. Qc5 Ra6 31. f5 Qd7 32. h4 Qa7 33. Qxa7 Rxa7 34. Rc1 Ra6 35. h5 f6 36. e6 Kf8 37. Rc3 Ke7 38. Rg3 Kf8 39. Rc3 Ke7 40. Kh2 Kd6 41. Rg3 Ra7 42. Kh3 Rb7 43. Ra3 Rc7 44. Ra8 Rb7 45. Kg3 Rc7 46. Rd8+ Ke7 47. Rg8 Kd6 48. Ra8 Rb7 49. Ra6 Rc7 50. Ra8 Rb7 51. Rg8 Ra7 52. Rd8+ Ke7 53. Rg8 Kd6 54. Kh4 Rb7 55. Ra8 Rc7 1/2-1/2

[Event "Scarborough Open 47th"]
[Site "Scarborough"]
[Date "2024.10.27"]
[Round "5.21"]
[White "Stonehouse, Raymond"]
[Black "Senior, Gary"]
[Result "1/2-1/2"]
[WhiteElo "1927"]
[BlackElo "2045"]
[PlyCount "125"]
[EventDate "2024.10.25"]
[EventType "swiss"]
[EventRounds "5"]
[EventCountry "ENG"]
[SourceTitle "BritBase"]
[Source "John Saunders"]
[SourceDate "2024.12.27"]
[SourceVersion "1"]
[SourceVersionDate "2024.12.27"]
[SourceQuality "1"]

1. e4 c5 2. d4 cxd4 3. Nf3 Nc6 4. c3 d5 5. e5 Bg4 6. Bb5 Qb6 7. Bxc6+ bxc6 8. cxd4 e6 9. O-O Bxf3 10. gxf3 Ne7 11. Nc3 Nf5 12. Be3 Rb8 13. Na4 Qa6 14. Rc1 Rb4 15. b3 Be7 16. Qc2 O-O 17. Rfd1 Rc8 18. Qd3 Qb7 19. Nc5 Bxc5 20. Rxc5 Qe7 21. Qa6 Rbb8 22. Rxc6 Rxc6 23. Qxc6 Qh4 24. Qc3 g5 25. Kh1 h6 26. Rg1 Qh3 27. Bf4 Qh4 28. Bg3 Qxd4 29. Qxd4 Nxd4 30. f4 Ne2 31. Re1 Nxf4 32. Bxf4 gxf4 33. Rc1 f3 34. h3 Kg7 35. Kh2 Kg6 36. Rc7 a5 37. Kg3 Kf5 38. Rxf7+ Kxe5 39. Kxf3 a4 40. bxa4 Ra8 41. Rf4 d4 42. Re4+ Kd5 43. Re2 Rxa4 44. Rd2 Kc4 45. Ke4 Kc5 46. Ke5 Ra3 47. Rxd4 Rxa2 48. Rf4 Re2+ 49. Kf6 e5 50. Rf5 Kd4 51. Kg6 Re4 52. Rf3 Rh4 53. Kf5 e4 54. Rf4 Rh5+ 55. Kg4 Rg5+ 56. Kh4 Ke5 57. Rg4 Rf5 58. Kg3 h5 59. Rg8 h4+ 60. Kg2 Rf4 61. Rg5+ Rf5 62. Rg4 Rf4 63. Rg5+ 1/2-1/2

[Event "Scarborough Open 47th"]
[Site "Scarborough"]
[Date "2024.10.27"]
[Round "5.22"]
[White "Batchelor, Francis"]
[Black "Han, Qixuan"]
[Result "1/2-1/2"]
[WhiteElo "2067"]
[BlackElo "1932"]
[PlyCount "105"]
[EventDate "2024.10.25"]
[EventType "swiss"]
[EventRounds "5"]
[EventCountry "ENG"]
[SourceTitle "BritBase"]
[Source "John Saunders"]
[SourceDate "2024.12.27"]
[SourceVersion "1"]
[SourceVersionDate "2024.12.27"]
[SourceQuality "1"]

1. c4 c6 2. g3 d5 3. Bg2 Nf6 4. Nf3 Bf5 5. O-O e6 6. b3 Be7 7. Bb2 h6 8. d4 O-O 9. Nbd2 Nbd7 10. Ne5 a5 11. a3 Qc7 12. f3 Nxe5 13. dxe5 Nd7 14. f4 Qb6+ 15. Kh1 Rfd8 16. Rc1 Nc5 17. Bd4 Rac8 18. h3 Qa6 19. g4 Bh7 20. Qe1 dxc4 21. Bxc5 Bxc5 22. Nxc4 a4 23. b4 Rd4 24. Qc3 Ba7 25. Nd6 Rd8 26. b5 cxb5 27. Qc7 Rf8 28. Bxb7 Qb6 29. f5 Qxc7 30. Rxc7 Bb8 31. Nxb5 {[=]} Bxc7 32. Nxd4 Bxe5 33. Nc6 Bd6 34. e4 Re8 35. Rd1 Bxa3 36. Ra1 Bb2 37. Rxa4 g6 38. fxg6 Bxg6 39. Kg2 Kg7 40. Kf3 f5 41. e5 fxg4+ 42. hxg4 Rf8+ 43. Kg3 Be8 44. Re4 {[=]} Kg6 45. Re2 Bc3 46. Re3 Bd2 47. Re4 Kg5 48. Nd4 Kg6 {[=]} 49. Nxe6 Rf1 50. Re2 Bc3 51. Nf4+ Kg7 52. e6 Be1+ 53. Kg2 {[=]} 1/2-1/2

[Event "Scarborough Open 47th"]
[Site "Scarborough"]
[Date "2024.10.27"]
[Round "5.23"]
[White "Ilett, Raymond J"]
[Black "Harkness, Bryan D"]
[Result "1/2-1/2"]
[WhiteElo "1832"]
[BlackElo "1986"]
[PlyCount "30"]
[EventDate "2024.10.25"]
[EventType "swiss"]
[EventRounds "5"]
[EventCountry "ENG"]
[SourceTitle "BritBase"]
[Source "John Saunders"]
[SourceDate "2024.12.27"]
[SourceVersion "1"]
[SourceVersionDate "2024.12.27"]
[SourceQuality "1"]

1. d4 Nf6 2. c4 g6 3. Nc3 d5 4. Nf3 Bg7 5. Bf4 O-O 6. e3 c5 7. dxc5 Qa5 8. Rc1 dxc4 9. Bxc4 Nc6 10. O-O Qxc5 11. Nb5 Qh5 12. Nc7 Rb8 13. Nd5 Ra8 14. Nc7 Rb8 15. Nd5 Ra8 1/2-1/2

[Event "Scarborough Open 47th"]
[Site "Scarborough"]
[Date "2024.10.27"]
[Round "5.24"]
[White "Longson, Sarah N"]
[Black "Rogowski, Rafal"]
[Result "1-0"]
[WhiteElo "1947"]
[BlackElo "1728"]
[PlyCount "123"]
[EventDate "2024.10.25"]
[EventType "swiss"]
[EventRounds "5"]
[EventCountry "ENG"]
[SourceTitle "BritBase"]
[Source "John Saunders"]
[SourceDate "2024.12.27"]
[SourceVersion "1"]
[SourceVersionDate "2024.12.27"]
[SourceQuality "1"]

1. e4 g6 2. d4 Bg7 3. Nc3 c5 4. Nf3 d6 5. Bb5+ Bd7 6. Bxd7+ Nxd7 7. O-O cxd4 8. Nxd4 Ngf6 9. Be3 O-O 10. f4 Qa5 11. Nb3 Qh5 12. Qxh5 Nxh5 13. Bd2 Nhf6 14. Rae1 Rfc8 15. h3 Ne8 16. Rc1 Nc5 17. Nxc5 Bd4+ 18. Kh1 Rxc5 19. Nd1 Rac8 20. c3 Bg7 21. Re1 b6 22. Nf2 R5c7 23. Nd3 e6 24. Rcd1 Bf8 25. g4 f6 26. f5 gxf5 27. exf5 exf5 28. gxf5 Rg7 29. Nf4 Rg5 30. Nd5 Rxf5 31. Ne7+ Bxe7 32. Rxe7 Rh5 33. Kh2 Kf8 34. Rxa7 Rc4 35. Re1 Rch4 36. Re3 Rd5 37. Be1 Rhh5 38. c4 Rc5 39. Bc3 Rxc4 40. Ra8 Kf7 41. Raxe8 Rch4 42. R8e7+ Kg6 43. R7e6 Rf4 44. Rxd6 Rg5 45. Rd2 b5 46. a3 h5 47. Rg3 Rff5 48. Rxg5+ fxg5 49. Rd6+ Kf7 50. Kg2 Kf8 51. Rd7 Ke8 52. Rb7 Kf8 53. Rh7 h4 54. Rd7 Ke8 55. Rd3 Ke7 56. Rf3 Rd5 57. Kf2 Kd6 58. Ke3 Rd1 59. Ke2 Rd5 60. Rf6+ Ke7 61. Rb6 Kd7 62. Bd2 1-0

[Event "Scarborough Open 47th"]
[Site "Scarborough"]
[Date "2024.10.27"]
[Round "5.25"]
[White "Melia, Alfie"]
[Black "Pyun, Lindsay"]
[Result "1-0"]
[WhiteElo "1988"]
[BlackElo "1798"]
[PlyCount "69"]
[EventDate "2024.10.25"]
[EventType "swiss"]
[EventRounds "5"]
[EventCountry "ENG"]
[SourceTitle "BritBase"]
[Source "John Saunders"]
[SourceDate "2024.12.27"]
[SourceVersion "1"]
[SourceVersionDate "2024.12.27"]
[SourceQuality "1"]

1. e4 e5 2. Nf3 Nc6 3. Bb5 Nf6 4. O-O Nxe4 5. d4 Nd6 6. Bxc6 dxc6 7. dxe5 Nf5 8. Qxd8+ Kxd8 9. h3 Be7 10. g4 Nh4 11. Nxh4 Bxh4 12. f4 h5 13. f5 hxg4 14. hxg4 b6 15. b3 Bg3 16. Bb2 c5 17. Kg2 Bh4 18. Nd2 Bg5 19. Nf3 Bb7 20. e6 Ke7 21. Rad1 Rad8 22. Bxg7 Rhg8 23. Rxd8 Rxd8 24. exf7 Kxf7 25. Be5 Rd7 26. Kg3 Bf6 27. Bf4 Be4 28. g5 Bc3 29. Be5 Bxf3 30. g6+ Kg8 31. Bxc3 Be4 32. Re1 Re7 33. Kf4 Re8 34. Rxe4 Rd8 35. Kg5 1-0

[Event "Scarborough Open 47th"]
[Site "Scarborough"]
[Date "2024.10.27"]
[Round "5.26"]
[White "Waterfield, Mark B"]
[Black "Nezis, Anastasios"]
[Result "0-1"]
[WhiteElo "1816"]
[BlackElo "1930"]
[PlyCount "66"]
[EventDate "2024.10.25"]
[EventType "swiss"]
[EventRounds "5"]
[EventCountry "ENG"]
[SourceTitle "BritBase"]
[Source "John Saunders"]
[SourceDate "2024.12.27"]
[SourceVersion "1"]
[SourceVersionDate "2024.12.27"]
[SourceQuality "1"]

1. e4 c5 2. Nf3 d6 3. d4 cxd4 4. Nxd4 Nf6 5. Nc3 a6 6. f3 e5 7. Nb3 Be7 8. Be3 O-O 9. Qd2 Be6 10. O-O-O Nbd7 11. g4 Nb6 12. g5 Nfd7 13. Nd5 Nxd5 14. exd5 Bf5 15. h4 Rc8 16. Bd3 Bxd3 17. Qxd3 a5 18. Rdg1 a4 19. Nd2 Nc5 20. Qe2 a3 21. b3 Qa5 22. Nc4 Qc3 23. Kb1 Na4 24. Bc1 Qxb3+ 25. axb3 Nc3+ 26. Ka1 Nxe2 27. Rg4 f5 28. gxf6 Bxf6 29. Bxa3 e4+ 30. Bb2 Nc3 31. Ba3 e3 32. Bc1 b5 33. Nb6 Nxd5+ 0-1

[Event "Scarborough Open 47th"]
[Site "Scarborough"]
[Date "2024.10.27"]
[Round "5.27"]
[White "Retout, Steve P"]
[Black "Sheppard, Derek A"]
[Result "0-1"]
[WhiteElo "2013"]
[BlackElo "1826"]
[PlyCount "50"]
[EventDate "2024.10.25"]
[EventType "swiss"]
[EventRounds "5"]
[EventCountry "ENG"]
[SourceTitle "BritBase"]
[Source "John Saunders"]
[SourceDate "2024.12.27"]
[SourceVersion "1"]
[SourceVersionDate "2024.12.27"]
[SourceQuality "1"]

1. c4 c5 2. g3 g6 3. Bg2 Bg7 4. Nc3 Nc6 5. e4 e6 6. Nge2 Nge7 7. O-O O-O 8. d3 d6 9. a3 Nd4 10. Rb1 Nec6 11. b4 a6 12. Nxd4 Nxd4 13. Ne2 Rb8 14. Nxd4 cxd4 15. b5 axb5 16. cxb5 b6 17. Qb3 Bb7 18. f4 Qd7 19. Bd2 f5 20. Rfe1 Kh8 21. a4 e5 22. Bh3 Qd8 23. exf5 gxf5 24. fxe5 dxe5 25. Qe6 Bd5 0-1

[Event "Scarborough Open 47th"]
[Site "Scarborough"]
[Date "2024.10.27"]
[Round "5.28"]
[White "Richmond, Frank"]
[Black "Garnett, John S"]
[Result "1/2-1/2"]
[WhiteElo "1695"]
[BlackElo "1884"]
[PlyCount "105"]
[EventDate "2024.10.25"]
[EventType "swiss"]
[EventRounds "5"]
[EventCountry "ENG"]
[SourceTitle "BritBase"]
[Source "John Saunders"]
[SourceDate "2024.12.27"]
[SourceVersion "1"]
[SourceVersionDate "2024.12.27"]
[SourceQuality "1"]

1. e4 d5 2. exd5 Nf6 3. d4 Bg4 4. Be2 Bxe2 5. Nxe2 Qxd5 6. O-O Nc6 7. Nbc3 Qh5 8. Be3 O-O-O 9. Ng3 Qg6 10. Qe2 Nxd4 11. Bxd4 Rxd4 12. Qe3 Rd6 13. Nb5 Rb6 14. Qe5 Ne8 15. Nxa7+ Kb8 16. Nb5 Qf6 17. Qe2 e6 18. c3 Nd6 19. a4 h5 20. Nxd6 Bxd6 21. Ne4 Qe5 22. f4 Qf5 23. Nxd6 Rxd6 24. a5 Rhd8 25. a6 bxa6 26. Rxa6 Qc5+ 27. Kh1 Rxa6 28. Qxa6 Qb6 29. Qe2 Rd5 30. Qe4 Qd6 31. Qa4 Qd7 32. Qb4+ Qb5 33. Qxb5+ Rxb5 34. Rf2 Rd5 35. g3 Kb7 36. Kg2 Kc6 37. b4 Rd3 38. c4 Rc3 39. b5+ Kc5 40. Rd2 Kxc4 41. Rd7 Kxb5 42. Rxf7 Kc6 43. Rxg7 Kd6 44. Rg5 Rc2+ 45. Kh3 Rc5 46. Rxc5 Kxc5 47. g4 hxg4+ 48. Kxg4 Kd6 49. h4 c5 50. h5 Ke7 51. Kf3 Kf6 52. Ke4 Kg7 53. f5 1/2-1/2

[Event "Scarborough Major 47th"]
[Site "Scarborough"]
[Date "2024.10.25"]
[Round "1.1"]
[White "Bak, Andrew"]
[Black "Georgiou, Denis"]
[Result "1-0"]
[WhiteElo "1948"]
[BlackElo "1850"]
[PlyCount "53"]
[EventDate "2024.10.25"]
[EventType "swiss"]
[EventRounds "5"]
[EventCountry "ENG"]
[SourceTitle "BritBase"]
[Source "John Saunders"]
[SourceDate "2024.12.27"]
[SourceVersion "1"]
[SourceVersionDate "2024.12.27"]
[SourceQuality "1"]

1. e4 c5 2. Nf3 d6 3. d4 cxd4 4. Nxd4 Nf6 5. Nc3 a6 6. Bg5 e6 7. f4 Qc7 8. Qf3 b5 9. Bxf6 gxf6 10. Bd3 b4 11. Nce2 Nd7 12. Qh5 Qc5 13. f5 Ne5 14. O-O-O Rg8 15. Nf4 Ng4 16. Qxh7 Rg7 17. Qh4 e5 18. Nh5 Rg8 19. h3 exd4 20. hxg4 Bh6+ 21. Kb1 Bg5 22. Nxf6+ Bxf6 23. Qxf6 Qe5 24. g5 Ra7 25. Bc4 Re7 26. Qxe5 dxe5 27. g6 1-0

[Event "Scarborough Major 47th"]
[Site "Scarborough"]
[Date "2024.10.25"]
[Round "1.2"]
[White "May, Paul"]
[Black "Hall, James"]
[Result "0-1"]
[WhiteElo "1833"]
[BlackElo "1824"]
[PlyCount "68"]
[EventDate "2024.10.25"]
[EventType "swiss"]
[EventRounds "5"]
[EventCountry "ENG"]
[SourceTitle "BritBase"]
[Source "John Saunders"]
[SourceDate "2024.12.27"]
[SourceVersion "1"]
[SourceVersionDate "2024.12.27"]
[SourceQuality "1"]

1. d4 Nf6 2. c4 e5 3. dxe5 Ng4 4. e3 Nxe5 5. Nh3 d5 6. Nf4 dxc4 7. Qxd8+ Kxd8 8. Be2 Na6 9. O-O Bf5 10. Nc3 Nc5 11. Rd1+ Kc8 12. Rd5 Bd6 13. Nb5 Rd8 14. Nxd6+ cxd6 15. f3 g5 16. Nh5 Be6 17. Rd4 Nc6 18. Rd1 h6 19. Bd2 b5 20. Bc3 Na4 21. Bf6 Rd7 22. b3 Nb6 23. Ng7 Kc7 24. e4 d5 25. exd5 Nxd5 26. Nh5 Nxf6 27. Nxf6 Rd4 28. bxc4 bxc4 29. Ne4 Rad8 30. Nc3 Rd2 31. Bf1 a6 32. Rxd2 Rxd2 33. Rc1 Ne5 34. a3 Kc6 0-1

[Event "Scarborough Major 47th"]
[Site "Scarborough"]
[Date "2024.10.25"]
[Round "1.3"]
[White "Brown, Tom"]
[Black "Mata, Andrew B"]
[Result "1-0"]
[WhiteElo "1940"]
[BlackElo "1828"]
[PlyCount "73"]
[EventDate "2024.10.25"]
[EventType "swiss"]
[EventRounds "5"]
[EventCountry "ENG"]
[SourceTitle "BritBase"]
[Source "John Saunders"]
[SourceDate "2024.12.27"]
[SourceVersion "1"]
[SourceVersionDate "2024.12.27"]
[SourceQuality "1"]

1. d4 Nf6 2. Nf3 g6 3. Nbd2 d5 4. e3 Bg7 5. b4 a5 6. b5 a4 7. Ba3 O-O 8. c4 c6 9. bxc6 bxc6 10. Be2 Bf5 11. O-O Nbd7 12. Nh4 Ne4 13. Nxe4 dxe4 14. g4 Be6 15. Ng2 Nb6 16. Qc2 f5 17. Nf4 Bf7 18. gxf5 gxf5 19. Rab1 Re8 20. Kh1 e5 21. dxe5 Bxe5 22. Rg1+ Kh8 23. Bb2 Nd7 24. Rbd1 Qc7 25. Rg5 Rab8 26. Bxe5+ Nxe5 27. Rxf5 Bg6 28. Nxg6+ Nxg6 29. Qxa4 Rb2 30. Bh5 Rd8 31. Bxg6 hxg6 32. Rf4 g5 33. Rf5 Qb6 34. Kg2 Rg8 35. c5 Qb7 36. Qd4+ Kh7 37. Qxe4 1-0

[Event "Scarborough Major 47th"]
[Site "Scarborough"]
[Date "2024.10.25"]
[Round "1.5"]
[White "Newton, Robert"]
[Black "Slinger, Tony J"]
[Result "1/2-1/2"]
[WhiteElo "1886"]
[BlackElo "1874"]
[PlyCount "99"]
[EventDate "2024.10.25"]
[EventType "swiss"]
[EventRounds "5"]
[EventCountry "ENG"]
[SourceTitle "BritBase"]
[Source "John Saunders"]
[SourceDate "2024.12.27"]
[SourceVersion "1"]
[SourceVersionDate "2024.12.27"]
[SourceQuality "1"]

1. d4 e6 2. Nf3 Nf6 3. e3 b6 4. Nbd2 Bb7 5. Bd3 d5 6. a3 Be7 7. b3 O-O 8. Bb2 Nbd7 9. O-O c5 10. Ne5 a6 11. a4 cxd4 12. exd4 Ne4 13. Re1 f5 14. f3 Nxe5 15. fxe4 Nxd3 16. cxd3 Bd6 17. e5 Be7 18. Ba3 Rc8 19. b4 Bc6 20. Qb3 Qe8 21. Bb2 Bd7 22. Ra2 Qh5 23. b5 a5 24. Ba3 Qf7 25. Bd6 Rfe8 26. Qa3 h6 27. Rf1 Qf8 28. Nf3 Kh7 29. g4 Qf7 30. Rg2 g6 31. gxf5 exf5 32. Bxe7 Qxe7 33. Qa2 Be6 34. Qd2 Rg8 35. Rc1 Rxc1+ 36. Qxc1 Rc8 37. Rc2 Qd8 38. Kf2 g5 39. Rc6 g4 40. Ng1 Rxc6 41. Qxc6 Qh4+ 42. Kg2 f4 43. Qxe6 f3+ 44. Nxf3 Qh3+ 45. Kg1 Qxf3 46. Qe7+ Kg6 47. Qh4 Qd1+ 48. Kf2 Qf3+ 49. Kg1 Qd1+ 50. Kf2 1/2-1/2

[Event "Scarborough Major 47th"]
[Site "Scarborough"]
[Date "2024.10.25"]
[Round "1.7"]
[White "Mulleady, Peter J"]
[Black "Mcgill, Peter"]
[Result "1-0"]
[WhiteElo "1898"]
[BlackElo "1877"]
[PlyCount "111"]
[EventDate "2024.10.25"]
[EventType "swiss"]
[EventRounds "5"]
[EventCountry "ENG"]
[SourceTitle "BritBase"]
[Source "John Saunders"]
[SourceDate "2024.12.27"]
[SourceVersion "1"]
[SourceVersionDate "2024.12.27"]
[SourceQuality "1"]

1. d4 Nf6 2. Bf4 c5 3. e3 cxd4 4. exd4 d6 5. c3 Nc6 6. Nf3 e6 7. Nbd2 Be7 8. h3 O-O 9. Qb3 a6 10. a4 Na5 11. Qc2 b6 12. Bd3 Bb7 13. O-O Rc8 14. Bh2 h6 15. Ne4 Nxe4 16. Bxe4 Bxe4 17. Qxe4 Nc4 18. Qe2 d5 19. Ne5 Bd6 20. f4 Be7 21. f5 Bg5 22. Nxc4 dxc4 23. fxe6 Qd5 24. exf7+ Rxf7 25. Rxf7 Qxf7 26. Rf1 Qd7 27. Bf4 Bxf4 28. Rxf4 Kh8 29. Qg4 Qxg4 30. Rxg4 b5 31. axb5 axb5 32. Re4 Rd8 33. Re5 b4 34. Rc5 bxc3 35. bxc3 Kg8 36. Rxc4 Kf7 37. Rc7+ Kf6 38. Kf2 Re8 39. d5 g5 40. Rc6+ Ke5 41. Re6+ Rxe6 42. dxe6 Kxe6 43. Ke3 Ke5 44. g4 Kd5 45. Kf3 Ke5 46. Ke3 Kd5 47. c4+ Ke5 48. c5 Kd5 49. c6 Kxc6 50. Ke4 Kd6 51. Kf5 Kd5 52. Kg6 Ke5 53. Kxh6 Kf4 54. Kg6 Kg3 55. Kxg5 Kxh3 56. Kh5 1-0

[Event "Scarborough Major 47th"]
[Site "Scarborough"]
[Date "2024.10.25"]
[Round "1.8"]
[White "Jelfs, Alan"]
[Black "Jennings, Roger W"]
[Result "1/2-1/2"]
[WhiteElo "1823"]
[BlackElo "1980"]
[PlyCount "46"]
[EventDate "2024.10.25"]
[EventType "swiss"]
[EventRounds "5"]
[EventCountry "ENG"]
[SourceTitle "BritBase"]
[Source "John Saunders"]
[SourceDate "2024.12.27"]
[SourceVersion "1"]
[SourceVersionDate "2024.12.27"]
[SourceQuality "1"]

1. d4 g6 2. c4 Bg7 3. Nf3 Nf6 4. Nc3 d6 5. e4 O-O 6. Be2 Bg4 7. h3 Bxf3 8. Bxf3 Nc6 9. O-O e5 10. d5 Nd4 11. Qd3 Nd7 12. b4 f5 13. Bd2 Nf6 14. Rae1 Qd7 15. Bd1 f4 16. f3 Nh5 17. Ne2 Nxe2+ 18. Bxe2 Ng3 19. Rf2 Bf6 20. Rc1 Bh4 21. Bd1 Nh5 22. Re2 Ng3 23. Rf2 Nh5 1/2-1/2